00539nam a2200133Ia 4500008004100000082002600041245017600067250000700243260002400250300001100274440002500285650006700310651002800377120622s9999 xx 000 0 und d a086.1 S479c v.36 1975 aPopol Vuh : antiguas historias de los indios quichés de Guatemala / il. con dibujos de los códices mayas ; advertencia, versión y vocabulario de Albertina Saravia E. a10 aMéxico : Porrúa a167 p. aSepan cuántos ; 36 a1. QUICHES - RELIGION Y MITOLOGIA \ 2. MANUSCRITOS - GUATEMALA aGUATEMALA - HISTORIAÌ